Aguaje: (Registro nro. 20385)

Detalles MARC
000 -CABECERA
Campo de control 00714nam a22002057a 4500
005 - FECHA Y HORA DE LA ULTIMA TRANSACCION
Campo de control 20200221103637.0
008 - ELEMENTOS DE LONGITUD FIJA—INFORMACION GENERAL
Campo de control 190129b xxu||||| |||| 00| 0 spa d
040 ## - FUENTE DE CATALOGACIÓN
Agencia catalogadora original CO-BoIAVH
Agencia transcriptora CO-BoIAVH
041 ## - IDIOMA
Código de idioma para texto/pista de sonido o título separado Español
044 ## - PAÍS DE PUBLICACIÓN
País de publicación Perú
090 ## - CLASIFICACIÓN LOCAL
Colección FG
Consecutivo 0491
110 #2 - ASIENTO PRINCIPAL--NOMBRE CORPORATIVO
Nombre corporativo o de jurisdicción como elemento de entrada Instituto de Investigaciones de la Amazonía Peruana
9 (RLIN) 67806
245 ## - MENCION DE TITULO
Título Aguaje:
Parte restante del título La maravillosa palmera de la Amazonía
260 ## - PUBLICACION, DISTRIBUCION, ETC. (PIE DE IMPRENTA)
Lugar de publicación, distribución, etc. Perú:
Nombre del editor, distribuidor, etc. Instituto de Investigaciones de la amazonía Peruana,
Fecha de publicación, distribución, etc. 2006.
300 ## - DESCRIPCION FISICA
Extensión 51
Otros detalles físicos fotografías a color, tablas.
Dimensiones 17 x 25cm
650 #0 - ASIENTO SECUNDARIO DE MATERIA - TERMINO TEMATICO
9 (RLIN) 81157
Término temático o nombre geográfico como elemento de entrada Flora
Subdivisión geográfica Amazonía (Región, Perú)
650 #0 - ASIENTO SECUNDARIO DE MATERIA - TERMINO TEMATICO
9 (RLIN) 81156
Término temático o nombre geográfico como elemento de entrada Fauna
Subdivisión geográfica Amazonía (Región, Perú)
650 #0 - ASIENTO SECUNDARIO DE MATERIA - TERMINO TEMATICO
9 (RLIN) 84257
Término temático o nombre geográfico como elemento de entrada Frutos nativos
Subdivisión geográfica Amazonia
942 ## - ELEMENTOS ADICIONALES (KOHA)
Sistema de clasificación Local
Tipo de ítem Folleto
Existencias
Withdrawn status Lost status Sistema de Clasificación Damaged status No para préstamo Colección Ubicación Permanente Ubicación actual Fecha de adquisición Total Checkouts Número topográfico Inventario / Código de Barras Date last seen Ejemplar Price effective from Forma de adquisición Tipo de material
    Local     General Bogotá Bogotá 29/01/2019   FG-0491 043504 29/01/2019 Ej 1 29/01/2019 Donación Folleto